000 00735nam a2200277Ia 4500
003 OSt
005 20220912150937.0
006 a|||||r|||| 00| 0
007 ta
008 220909b |||||||| |||| 00| 0 eng d
024 _a40549
037 _cTextual
040 _aCSL
_beng
_cCSL
041 _aeng
082 _aB27, N1
100 _aBorel Armand
245 0 _aLinear algebraic groups
250 _a2nd
260 _aNew York
_b Springer- Verlag
_c1991
300 _axi, 286p.
_ccm.
490 _aGraduate Texts in Mathematics; 126
500 _aIncludes bibliographical references and indexes
650 _aGroup Theory
942 _hB27, N1
_cTEXL
_2CC
999 _c57956
_d57956